Suurin H:lla alkava kaupunki - Statistics

Yleistilastot
  • Tätä visaa on pelattu 205 kertaa
  • Keskiarvotulos 9 / 18
Vastaustilastot
Maa H-Kaupunki % Oikein
Suomi Helsinki
99%
Saksa Hampuri
86%
Kuuba Havanna
82%
Yhdysvallat Houston
77%
Zimbabwe Harare
68%
Vietnam Ho Chi Minh City
65%
Ruotsi Helsingborg
59%
Japani Hiroshima
55%
Intia Hyderabad
50%
Kiina Hangzhou
43%
Australia Hobart
42%
Somalia Hargeisa
35%
Tanska Helsingør
34%
Kreikka Heraklion
32%
Kanada Hamilton
31%
Thaimaa Hua Hin
26%
Ranska Hyéres
14%
Iran Hamadan
11%
Ehtoja vastaavia visoja ei löytynyt
Tulosjakauma
Jokaisen tuloksen saaneiden osuus
Persentiili vastausten määrän mukaan
Tuloshistoriasi
Et ole pelannut tätä visaa